00713cam a2200217 4500001000500000005001700005008003900022010001600061020003500077020003200112020001800144245007100162246001600233250001700249260007100266300003400337500002000371650002400391710003400415740004600449342420181127171200.0001016s2000 paua 001 0 eng a 00051727 a1880410230 (pbk. : alk. paper) a1930699107 (Q & As booklet) a978193389051702aA guide to the project management body of knowledge (PMBOK guide).30aPMBOK guide a4th edition. aNewtown Square, Penn., USA :bProject Management Institute,c2008. axxvi, 467p. :bill. ;c28 cm. aIncludes index. 0aProject management.2 aProject Management Institute.02aQ & As for the PMBOK guide (2000 edition)